| 000 | 00627cam a2200193 a 4500 | ||
|---|---|---|---|
| 001 | 000001186 | ||
| 005 | 20200929145512.0 | ||
| 008 | 740718s1953 xx 000 0 eng | ||
| 040 |
_aDO-SdBNP _bspa _cBNPHU |
||
| 082 |
_a410 _bP461L |
||
| 100 | 1 |
_aPerrot, Jean, _d1925- _94034 |
|
| 245 | 1 | 3 | _aLa linguistique. |
| 260 |
_aParís : _bPresses universitaires de France, _c1953. |
||
| 300 |
_a135 p. ; _c18 cm. |
||
| 490 | 1 |
_aQue sais-je?, le point des connaissances actuelles ; _v570 |
|
| 650 | 4 |
_aLingüística _94035 |
|
| 650 | 4 |
_aLenguaje y lenguas _9407 |
|
| 830 | 0 |
_aQue sais-je?, le point des connaissances actuelles ; _n570 _94036 |
|
| 999 |
_c1137 _d1137 |
||